000 00872nam a22002057a 4500
999 _c5358
_d5358
003 AR-CdUCM
008 190312b ||||| |||| 00| 0 spa d
040 _aMUNICIPALIDAD PROVINCIAL DEL CUSCO
_cBIBLIOTECA MUNICIPAL DEL CUSCO
082 _a985.07 /
_bR21
100 _aRamos Zambrano, Augusto
_915409
245 _aTormenta altiplanica:
_bRebeliones indigenas de la provincia de Lampa - Puno 1920 -1924 /
260 _aLima :
_bEspinal,
_c1990.
300 _a124 paginas ;
_c21 cm.
505 _acontenido : La rebelión de Huapara en Pucara - Lampa -- El lanzamiento de Pinaya, Ichoccollo, Culine, Caico y Atacata -- El sitio de la ciudad de Lampa y los sucesos de Huayta ...
650 _aRebelión e historia de Puno
_916167
650 _aHistoria del sur peruano
_916168
650 _aHistoria de rebeliones indígenas
_916169
942 _2ddc
_cLIBROS
945 _arah